Breaking the glass armor : neoformalist film analysis /

Bibliographic Details
Main Author: Thompson, Kristin, 1950-
Format: Book
Language:English
Published: Princeton, N.J. : Princeton University Press, [1988]
Subjects:

MARC

Tag First Indicator Second Indicator Subfields
LEADER 00000cam a22000008a 4500
001 in00000033289
005 20151007060547.0
008 871223s1988 njuaf b 00110 eng
010 |a  87034310  
020 |a 0691067244 :  |c $65.00 
035 |a (OCoLC)17326947 
035 |9 AAC1144AM 
040 |a DLC  |c DLC  |d TXA  |d UtOrBLW 
049 |a TXAM  |c [A12634935] 
050 0 0 |a PN1995  |b .T46 1988 
082 0 |a 791.43/75  |2 19 
100 1 |a Thompson, Kristin,  |d 1950- 
245 1 0 |a Breaking the glass armor :  |b neoformalist film analysis /  |c Kristin Thompson. 
264 1 |a Princeton, N.J. :  |b Princeton University Press,  |c [1988] 
264 4 |c ©1988 
300 |a x, 361 pages, 41 unnumbered pages of plates :  |b illustrations (some color) 
336 |a text  |b txt  |2 rdacontent 
337 |a unmediated  |b n  |2 rdamedia 
338 |a volume  |b nc  |2 rdacarrier 
500 |a Includes bibliographical references and index. 
650 0 |a Motion pictures. 
650 0 |a Film criticism  |x Philosophy. 
740 0 |a Neoformalist film analysis. 
999 |a MARS 
999 f f |s 517c801f-7365-3030-a0be-3cfab921b829  |i 625d92bb-8c48-308a-b95e-7c480cffaecd  |t 0 
952 f f |p ric  |a Texas A&M University  |b Rellis Campus  |c Joint Library Facility  |d Remote Storage  |t 0  |e PN1995 .T46 1988  |h Library of Congress classification  |i unmediated -- volume  |m A14812634935 
998 f f |a PN1995 .T46 1988  |t 0  |l Remote Storage